| 000 | 00626cam a2200217 4500500 | ||
|---|---|---|---|
| 005 | 20260329004158.0 | ||
| 041 | _afre | ||
| 042 | _adc | ||
| 100 | 1 | 0 |
_aLevine, Emmanuel _eauthor |
| 245 | 0 | 0 | _aLa mémoire au futur |
| 260 | _c2018. | ||
| 500 | _a51 | ||
| 690 | _aBernard Stiegler | ||
| 690 | _aDenis Peschanski | ||
| 690 | _aFutur | ||
| 690 | _aJean-Gabriel Ganascia | ||
| 690 | _aMémoire | ||
| 690 | _aPassé | ||
| 786 | 0 | _nPhilosophie magazine | 124 | 11 | 2018-11-01 | p. 60-60 | 1951-1787 | |
| 856 | 4 | 1 | _uhttps://shs.cairn.info/magazine-philosophie-magazine-2018-11-page-60?lang=fr&redirect-ssocas=7080 |
| 999 |
_c1831471 _d1831471 |
||